Vainqueurs du Ballon d'Or A-Z - Statistiques

Statistiques générales
  • Ce quiz a été pris 146 fois
    111 depuis la dernière actualisation
  • Le résultat moyen est 11 sur 19
Statistiques - réponses
Lettre Vainqueur % Correct
M Josef Masopust - Lothar Matthäus - Stanley Matthews - Lionel Messi - Luka Modric - Gerd Müller
99%
R Rivaldo - Gianni Rivera - Rodri - Ronaldinho - Ronaldo - Paolo Rossi - Karl-Heinz Rummenigge
98%
Z Zinedine Zidane
96%
B Roberto Baggio - Franz Beckenbauer - Igor Belanov - George Best - Oleg Blokhine - Karim Benzema
90%
K Kaká - Kevin Keegan - Raymond Kopa
84%
C Fabio Cannavaro - Bobby Charlton - Cristiano Ronaldo - Johan Cruyff -
80%
P Jean-Pierre Papin - Michel Platini
78%
Y Lev Yachine
61%
N Pavel Nedvěd
57%
W George Weah
53%
S Matthias Sammer - Andriy Shevchenko - Allan Simonsen - Omar Sivori - Hristo Stoitchkov - Luis Suárez
53%
O Michael Owen
47%
F Luis Figo
44%
E Eusebio
40%
V Marco Van Basten
38%
G Ruud Gullit
33%
D Alfredo Di Stéfano
31%
L Denis Law
14%
A Flórián Albert
14%
Aucun quiz correspondant
Distribution des résultats
% des personnes avec chaque résultat
Percentile par nombre de réponses
Votre historique - résultats
Vous n’avez pas pris ce quiz depuis la dernière actualisation